Dance Moms V dances - Statistics

General Stats
  • This quiz has been taken 34 times
  • The average score is 5 of 7
Answer Stats
Picture Answer % Correct
Voodoo Doll
90%
Vertigo
75%
Voices in my head
75%
Voices in my head
75%
Victorious
60%
Voyage Home
55%
The Vultures
50%
No matching quizzes found
Score Distribution
Percent of People with Each Score
Percentile by Number Answered
Your Score History
You have not taken this quiz